कविता-समग्र / (Record no. 67781)

MARC details
000 -LEADER
fixed length control field 02669nam a22003617a 4500
005 - DATE AND TIME OF LATEST TRANSACTION
control field 2010101908158.0
008 - FIXED-LENGTH DATA ELEMENTS--GENERAL INFORMATION
fixed length control field 101019t xxu||||| |||| 00| 0 hin d
010 ## - LCCN (DPL NO)
LC control number HIN-96250-52 B-490234-236
020 ## - INTERNATIONAL STANDARD BOOK NUMBER
Terms of availability 1750.00 (तीन खंडो का)
International Standard Book Number 9789381467114
035 ## - SYSTEM CONTROL NUMBER
System control number HN-68596-98 B-490234-236
037 ## - SOURCE OF ACQUISITION
Source of stock number/acquisition DBAD / PUB
037 ## - SOURCE OF ACQUISITION
Source of stock number/acquisition ब्लूबेरी बुक्स
040 ## - CATALOGING SOURCE
Original cataloging agency DPL
Language of cataloging HN
082 ## - DEWEY DECIMAL CLASSIFICATION NUMBER
Classification number 821
100 ## - MAIN ENTRY--PERSONAL NAME
9 (RLIN) 23632
Personal name वंशी, बलदेव
245 ## - TITLE STATEMENT
Title कविता-समग्र /
Remainder of title बलदेव वंशी
260 ## - PUBLICATION, DISTRIBUTION, ETC. (IMPRINT)
Place of publication, distribution, etc नयी दिल्ली
Name of publisher, distributor, etc किताबघर प्रकाशन
Date of publication, distribution, etc 2012
270 ## - ADDRESS
City नयी दिल्ली
Address 4855-56/24,अंसारी रोड, दरियागंज,
Postal code 110002
300 1# - PHYSICAL DESCRIPTION
Extent 3-भाग,भा-1,415,भा-2,371,भा-3,331पृ.
Dimensions 22सेमी (सजिल्द)
650 ## - SUBJECT ADDED ENTRY--TOPICAL TERM
9 (RLIN) 657
Topical term or geographic name as entry element हिन्दी कविता
650 ## - SUBJECT ADDED ENTRY--TOPICAL TERM
9 (RLIN) 34273
700 ## - ADDED ENTRY--PERSONAL NAME
9 (RLIN) 48760
710 ## - ADDED ENTRY--CORPORATE NAME
9 (RLIN) 34811
710 ## - ADDED ENTRY--CORPORATE NAME
9 (RLIN) 35049
942 ## - ADDED ENTRY ELEMENTS (KOHA)
Source of classification or shelving scheme Dewey Decimal Classification
Item type Hindi Books
Call number suffix वंशीब
Classification part 821
Holdings
Withdrawn status Lost status Source of classification or shelving scheme Materials specified (bound volume or other part) Damaged status Not for loan Collection code Home library Current library Date acquired Source of acquisition Cost, normal purchase price Total Checkouts Full call number Barcode Date last seen Copy number Cost, replacement price Koha item type
    Dewey Decimal Classification भाग-1     Reference Central Library Central Library 12/02/2013 ब्लूबेरी बुक्स/9995/03.01.13/7/18.12.12/09.01.13 1750.00   821 वंशीब B-490234 12/02/2013 1 1750.00 Hindi Books
    Dewey Decimal Classification भाग-2     Reference Central Library Central Library 12/02/2013 ब्लूबेरी बुक्स/9995/03.01.13/7/18.12.12/09.01.13 1750.00   821 वंशीब B-490235 12/02/2013 1 1750.00 Hindi Books
    Dewey Decimal Classification भाग-3     Reference Central Library Central Library 12/02/2013 ब्लूबेरी बुक्स/9995/03.01.13/7/18.12.12/09.01.13 1750.00   821 वंशीब B-490236 12/02/2013 1 1750.00 Hindi Books
    Dewey Decimal Classification V-1   Not For Loan Non-fiction D.B.Act.Division D.B.Act.Division 11/06/2012 DBAB/PUB 1750.00   821 वंशीब HN-68596 11/06/2012 1 1750.00 Hindi Books
    Dewey Decimal Classification V-2   Not For Loan Non-fiction D.B.Act.Division D.B.Act.Division 11/06/2012 DBAB/PUB 1750.00   821 वंशीब HN-68597 11/06/2012 1 1750.00 Hindi Books
    Dewey Decimal Classification V-3   Not For Loan Non-fiction D.B.Act.Division D.B.Act.Division 11/06/2012 DBAB/PUB 1750.00   821 वंशीब HN-68598 11/06/2012 1 1750.00 Hindi Books

© Delhi Public Library
Hit Counter
free hit counter